[Event "MVP-ch Seniors op 16th"]
[Site "Binz"]
[Date "2016.11.24"]
[Round "2.70"]
[White "Schulz, Gerhard1111"]
[Black "Scholz, Jutta"]
[Result "1-0"]
[WhiteElo "1830"]
[BlackElo "1603"]
[PlyCount "89"]
[EventDate "2016.11.23"]
[EventType "swiss"]
[EventRounds "9"]
[EventCountry "GER"]
[SourceTitle "EXT 2018"]
[Source "ChessBase"]
[SourceDate "2017.10.13"]
[SourceVersion "1"]
[SourceVersionDate "2017.10.13"]
[SourceQuality "1"]

1. d4 Nf6 2. Nf3 g6 3. Nc3 Bg7 4. e4 d6 5. Bg5 Bg4 6. h3 Bxf3 7. Qxf3 h6 8. Be3 Nbd7 9. 0-0-0 e5 10. Kb1 a6 11. Bc4 b5 12. Bb3 exd4 13. Bxd4 c5 14. Bxf6 Qxf6 15. Qxf6 Bxf6 16. Bd5 Rb8 17. Ne2 Ke7 18. f4 g5 19. Rhf1 Rhf8 20. Ng3 Nb6 21. Nf5+ Kd7 22. fxg5 hxg5 23. Nxd6 Nxd5 24. Rxd5 Ke6 25. Nf5 Rfd8 26. Rfd1 Rxd5 27. Rxd5 Rd8 28. Rxd8 Bxd8 29. Nh6 f6 30. Ng4 Bc7 31. Kc1 Bf4+ 32. Kd1 c4 33. Ke2 a5 34. b3 c3 35. Kd3 Bd2 36. Kd4 b4 37. Nf2 f5 38. exf5+ Kxf5 39. Nd3 g4 40. hxg4+ Kxg4 41. Ne5+ Kg3 42. Nc6 Bh6 43. Nxa5 Kxg2 44. Nc6 Bf8 45. Kc4 1-0

[Event "Miedzyzdroje OB Seniors 24th"]
[Site "Miedzyzdroje"]
[Date "2016.06.17"]
[Round "1"]
[White "Scholz, Jutta"]
[Black "Grunewald, Peter"]
[Result "0-1"]
[WhiteElo "1617"]
[BlackElo "1886"]
[PlyCount "68"]
[EventDate "2016.06.17"]
[EventType "swiss"]
[EventRounds "9"]
[EventCountry "POL"]
[SourceTitle "EXT 2019"]
[Source "ChessBase"]
[SourceDate "2018.10.10"]
[SourceVersion "1"]
[SourceVersionDate "2018.10.10"]
[SourceQuality "1"]

1. e4 c5 2. Nc3 Nc6 3. g3 e6 4. Bg2 Nf6 5. d3 h6 6. f4 d6 7. Nf3 Be7 8. 0-0 0-0 9. a4 Rb8 10. Ne2 Qc7 11. c3 b5 12. axb5 Rxb5 13. h3 Na5 14. Rb1 Bb7 15. g4 c4 16. Ned4 Rc5 17. Be3 cxd3 18. Nd2 Nc4 19. Nxc4 Rxc4 20. Nb5 Qa5 21. Qb3 Rfc8 22. Ra1 Qd8 23. Rxa7 Bxe4 24. Bxe4 Nxe4 25. Rd1 Nc5 26. Qa2 Bf6 27. Kg2 Qb6 28. Nd4 Bxd4 29. Bxd4 Qc6+ 30. Kg1 Qf3 31. Rf1 Qg3+ 32. Kh1 Qxh3+ 33. Kg1 Qxg4+ 34. Kh1 Ne4 0-1

[Event "Miedzyzdroje OB Seniors 23rd"]
[Site "Miedzyzdroje"]
[Date "2015.06.22"]
[Round "6"]
[White "Nietsch, Horst"]
[Black "Scholz, Jutta"]
[Result "1-0"]
[WhiteElo "1885"]
[BlackElo "1613"]
[PlyCount "29"]
[EventDate "2015.06.17"]
[EventType "swiss"]
[EventRounds "8"]
[EventCountry "POL"]
[SourceTitle "EXT 2018"]
[Source "ChessBase"]
[SourceDate "2017.10.13"]
[SourceVersion "1"]
[SourceVersionDate "2017.10.13"]
[SourceQuality "1"]

1. Nf3 f5 2. b3 Nf6 3. Bb2 e6 4. d3 d6 5. g3 Be7 6. Bg2 0-0 7. 0-0 e5 8. Nbd2 c6 9. e4 f4 10. d4 fxg3 11. fxg3 exd4 12. Bxd4 c5 13. Bc3 Nc6 14. Qe2 h6 15. Rad1 1-0

[Event "BL2 Ost 1213 (Women)"]
[Site "Germany"]
[Date "2012.12.02"]
[Round "4.6"]
[White "Riemer Nlula, Marion"]
[Black "Scholz, Jutta"]
[Result "1/2-1/2"]
[WhiteElo "1961"]
[BlackElo "1411"]
[PlyCount "52"]
[EventDate "2012.10.06"]
[EventType "team-tourn"]
[EventRounds "7"]
[EventCountry "GER"]
[SourceTitle "EXT 2018"]
[Source "ChessBase"]
[SourceDate "2017.10.13"]
[SourceVersion "1"]
[SourceVersionDate "2017.10.13"]
[SourceQuality "1"]
[WhiteTeam "Zeulenroda (W)"]
[BlackTeam "Potsdam USV (W)"]
[WhiteTeamCountry "GER"]
[BlackTeamCountry "GER"]

1. e4 g6 2. d4 Bg7 3. f4 c6 4. Nf3 d6 5. h3 h5 6. c3 Na6 7. Be3 Nc7 8. Bd3 Nh6 9. Nbd2 b5 10. Qc2 Bd7 11. f5 gxf5 12. exf5 Nd5 13. Nf1 Nxe3 14. Nxe3 Bf6 15. g4 e5 16. gxh5 Rg8 17. h4 Qe7 18. dxe5 dxe5 19. 0-0-0 0-0-0 20. Be4 Qc5 21. Qe2 Ng4 22. Nxg4 Rxg4 23. Nd2 Rdg8 24. Nb3 Qb6 25. Qd3 Rd8 26. Qe2 Rdg8 1/2-1/2

[Event "GER-ch Seniors 23rd"]
[Site "Halle"]
[Date "2011.08.11"]
[Round "7"]
[White "Scholz, Jutta"]
[Black "Grueneschild, Hildegard"]
[Result "0-1"]
[WhiteElo "1515"]
[BlackElo "1652"]
[PlyCount "75"]
[EventDate "2011.08.05"]
[EventType "swiss"]
[EventRounds "9"]
[EventCountry "GER"]
[SourceTitle "CBM 144 Extra"]
[Source "ChessBase"]
[SourceDate "2011.10.28"]
[SourceVersion "1"]
[SourceVersionDate "2011.10.28"]
[SourceQuality "1"]

1. e4 c5 2. Nc3 d6 3. g3 Nc6 4. d3 e6 5. Bg2 Be7 6. f4 Nd4 7. Nf3 Nxf3+ 8. Qxf3 Rb8 9. 0-0 b5 10. Ne2 Bb7 11. Qf2 Nf6 12. h3 0-0 13. c3 a5 14. Be3 Qd7 15. g4 h6 16. Ng3 Nh7 17. Ne2 Bf6 18. d4 cxd4 19. Nxd4 Rbc8 20. Rfc1 e5 21. Nf5 exf4 22. Bxf4 Be5 23. Bxe5 dxe5 24. Rd1 Qc7 25. Rd2 Ng5 26. Qe2 Ne6 27. Qxb5 Nf4 28. Nd6 Rcd8 29. Qxe5 Nxg2 30. Rad1 Nh4 31. Qg3 Ng6 32. Nf5 Rxd2 33. Qxc7 Rxd1+ 34. Kh2 Bxe4 35. Ne7+ Nxe7 36. Qxe7 Rd2+ 37. Kg3 Rd3+ 38. Kh4 0-1

[Event "BL2 Nord 1011 (Women)"]
[Site "Germany"]
[Date "2011.02.20"]
[Round "7.6"]
[White "Scholz, Jutta"]
[Black "Steiner, Susanne"]
[Result "0-1"]
[WhiteElo "1560"]
[BlackElo "1759"]
[PlyCount "124"]
[EventDate "2010.11.06"]
[EventType "team-tourn"]
[EventRounds "7"]
[EventCountry "GER"]
[SourceTitle "EXT 2012"]
[Source "ChessBase"]
[SourceDate "2011.11.24"]
[SourceVersion "1"]
[SourceVersionDate "2011.11.24"]
[SourceQuality "1"]
[WhiteTeam "Potsdam USV (W)"]
[BlackTeam "Braunschweig (W)"]
[WhiteTeamCountry "GER"]
[BlackTeamCountry "GER"]

1. e4 c6 2. d4 d5 3. e5 Bf5 4. Nf3 e6 5. Be2 h6 6. Nbd2 Ne7 7. h3 Nd7 8. a4 c5 9. c3 Nc6 10. 0-0 Be7 11. Re1 0-0 12. Nf1 Qc7 13. g4 Bh7 14. Ng3 Rac8 15. Bd2 Qb6 16. Bc1 cxd4 17. Nxd4 Ndxe5 18. Kh2 Nxd4 19. Qxd4 Qxd4 20. cxd4 Nd3 21. Bxd3 Bxd3 22. Rd1 Bc2 23. Rf1 Rc4 24. Ne2 Bd6+ 25. Kg1 Rfc8 26. Bd2 Rxa4 27. Rxa4 Bxa4 28. Nc3 Bb3 29. Ra1 a6 30. Rc1 Bb8 31. Ne2 Rc4 32. Rc3 Bc2 33. Rxc4 dxc4 34. Bb4 Ba7 35. Bc3 Be4 36. Nc1 Bd5 37. Na2 f6 38. Nb4 Bf3 39. Nc2 Kf7 40. Ne1 Bd5 41. Kf1 Ke7 42. Bb4+ Ke8 43. Bc3 b5 44. Nc2 Bb6 45. Nb4 Bb7 46. Nc2 a5 47. Bd2 b4 48. Be3 Kd7 49. d5 Bxe3 50. dxe6+ Kxe6 51. Nxe3 Ba6 52. Ke1 g6 53. f4 a4 54. Nc2 a3 55. bxa3 b3 56. Nd4+ Kd5 57. Ne2 Ke4 58. Kd2 f5 59. a4 Kf3 60. a5 fxg4 61. hxg4 Kxg4 62. Kc3 h5 0-1

[Event "BL2 Nord 1011 (Women)"]
[Site "Germany"]
[Date "2010.12.04"]
[Round "3.5"]
[White "Hielscher, Ursula"]
[Black "Scholz, Jutta"]
[Result "1-0"]
[WhiteElo "1864"]
[BlackElo "1560"]
[PlyCount "93"]
[EventDate "2010.11.06"]
[EventType "team-tourn"]
[EventRounds "7"]
[EventCountry "GER"]
[SourceTitle "EXT 2012"]
[Source "ChessBase"]
[SourceDate "2011.11.24"]
[SourceVersion "1"]
[SourceVersionDate "2011.11.24"]
[SourceQuality "1"]
[WhiteTeam "Kiel Doppelbauer (W)"]
[BlackTeam "Potsdam USV (W)"]
[WhiteTeamCountry "GER"]
[BlackTeamCountry "GER"]

1. d4 f5 2. e4 fxe4 3. Nc3 Nf6 4. Bg5 d5 5. Bxf6 exf6 6. Qh5+ g6 7. Qxd5 Qe7 8. Qxe4 Qxe4+ 9. Nxe4 Bg7 10. Nf3 Nd7 11. Bc4 Nb6 12. Bb3 Bg4 13. c3 0-0-0 14. 0-0 Bxf3 15. gxf3 Rhe8 16. Rfe1 Kb8 17. Nc5 Bh6 18. Bf7 Rxe1+ 19. Rxe1 Bf4 20. Ne6 Rd7 21. Nxf4 Rxf7 22. Re8+ Nc8 23. Kf1 c6 24. Ke2 Re7+ 25. Rxe7 Nxe7 26. Kd3 Kc8 27. Ne6 h6 28. c4 b6 29. Ke4 Kd7 30. Nf4 Kd6 31. b4 f5+ 32. Kd3 g5 33. Ne2 Ng6 34. Ke3 a6 35. f4 g4 36. Ng3 Ne7 37. f3 gxf3 38. Kxf3 Ke6 39. Nf1 Kd6 40. Ne3 h5 41. Kg3 Ke6 42. Kh4 Ng6+ 43. Kg5 Ne7 44. Kxh5 Kf6 45. d5 cxd5 46. Nxd5+ Nxd5 47. cxd5 1-0